LIBRARY & INFORMATION CENTRE, KCAET, TAVANUR

ONLINE PUBLIC ACCESS CATALOGUE (OPAC)

Metering pump hand book / (Record no. 5421)

MARC details
000 -LEADER
fixed length control field 00474cam a2200181ua 4500
020 ## - INTERNATIONAL STANDARD BOOK NUMBER
ISBN 0 8311 1157 7
041 ## - LANGUAGE CODE
Language code of text/sound track or separate title eng
082 ## - DEWEY DECIMAL CLASSIFICATION NUMBER
Classification number 028.71621
Item number MCC/ME
100 ## - MAIN ENTRY--AUTHOR NAME
Personal name Mccabe, Robert E .
245 ## - TITLE STATEMENT
Title Metering pump hand book /
260 ## - PUBLICATION, DISTRIBUTION, ETC. (IMPRINT)
Place of publication Newyork :
Name of publisher Industrial press ,
Year of publication 1984.
300 ## - PHYSICAL DESCRIPTION
Number of Pages 280 ; .
700 1# - ADDED ENTRY--PERSONAL NAME
Personal name Dwyer, William V .
700 1# - ADDED ENTRY--PERSONAL NAME
Personal name Lanckton, Philip G .
942 ## - ADDED ENTRY ELEMENTS (KOHA)
Koha item type Books
Holdings
Withdrawn status Lost status Damaged status Home library Current library Date acquired Full call number Accession Number Koha item type
      KAUAET KAUAET 07/04/2012 028.71621 MCC/ME 20347 Books
free website counter